Praxeologická kritika teorie podnikatelského objevování

Kritické zhodnotenie prínosu teórie podnikateľského objavovania Israela M. Kirznera do ekonomickej teórie rakúskej školy.

Salvato in:
Dettagli Bibliografici
Autore principale: Otáhal, Tomáš
Natura: Capitolo di libro
Lingua:ceco
Soggetti:
Tags: Aggiungi Tag
Nessun Tag, puoi essere il primo ad aggiungerne!!

MARC

LEADER 00000naa a2200000 4500
001 0182001
005 20220713130831.4
041 0 |a cze 
044 |a CZ 
245 1 0 |a Praxeologická kritika teorie podnikatelského objevování  |c Tomáš Otáhal 
520 |a Kritické zhodnotenie prínosu teórie podnikateľského objavovania Israela M. Kirznera do ekonomickej teórie rakúskej školy. 
610 2 0 |a teórie ekonomické 
610 2 0 |a podnikanie 
610 2 0 |a zákony ekonomické 
100 1 |a Otáhal, Tomáš